[Event "RUS-ch"]
[Site "Elista"]
[Date "1995.??.??"]
[Round "7"]
[White "Yemelin, Vasily"]
[Black "Dvoirys, Semen I"]
[Result "1/2-1/2"]
[WhiteElo "2500"]
[BlackElo "2580"]
[Annotator "Donev,I"]
[PlyCount "104"]
[EventDate "1995.10.??"]
[EventType "swiss"]
[EventRounds "11"]
[EventCountry "RUS"]
[SourceTitle "CBM 050"]
[Source "ChessBase"]
[SourceDate "1996.02.01"]
[SourceVersion "1"]
[SourceVersionDate "1996.02.01"]
[SourceQuality "1"]

1. e4 {Hecht} c5 2. Nf3 d6 3. d4 cxd4 4. Nxd4 Nf6 5. Nc3 a6 6. Be2 e5 7. Nb3
Be7 8. O-O Be6 9. Be3 Nbd7 10. a4 Rc8 11. f3 Nb6 12. a5 Nc4 13. Bxc4 Rxc4 14.
Rf2 O-O 15. Rd2 Qc7 16. Na4 d5 $1 (16... Nd7 17. Nb6 Nxb6 (17... Rc6 18. Nxd7
Bxd7 19. Bb6 Qc8 $10) 18. axb6 Qb8 $10) 17. Nb6 dxe4 (17... d4 18. Nxc4 Bxc4
19. Bf2 Bb4 20. c3 dxc3 21. bxc3 Bxc3 22. Bb6 $14) 18. Nxc4 Qxc4 {Für die
geopferte Qualitet hat der Nachziehende genug Kompensation: Das Läuferpaar und
die Bauernmehrheit am Königsflügel.} (18... Bxc4 19. Bb6 Qc6 20. Bd8 Bxd8 21.
Rxd8 exf3 22. gxf3 Rxd8 $14) 19. Bg5 (19. Qe2 Qxe2 20. Rxe2 Bc4 $14) (19. fxe4
Rc8 20. Qf3 Qxe4 21. Qxe4 Nxe4 22. Re2 Bg4 23. Ree1 Rxc2 $15) 19... exf3 20.
Qxf3 h6 (20... Bb4 21. c3 Ne4 22. cxb4 Nxg5 $15) 21. Bxf6 Bxf6 22. Re1 Qb5 23.
Qd3 Qxd3 24. Rxd3 e4 $1 (24... Rc8 25. Rd2 Bg5 26. Rde2 f6 $13) 25. Rd6 (25.
Rxe4 Bf5 26. Rb4 Bxd3 27. cxd3 Bxb2 28. Rxb7 Rd8 $15) 25... Rc8 26. Rxe6 (26.
Rxe4 Rxc2 27. Nd4 Bxd4+ 28. Rexd4 Rxb2 $10) (26. Re2 e3 27. Rxe3 Rxc2) 26...
fxe6 27. c3 Rd8 $1 (27... Rc4 $6 28. Nd2 Ra4 (28... Rc5 29. Nxe4 Rxa5 30. Nxf6+
gxf6 31. Rxe6 $14) 29. Nxe4 $14) 28. Rxe4 (28. Nc5 Rd5 29. Nxe4 (29. Nxb7 Rb5
30. Nd6 Rxb2 31. Nxe4 Kf7 $15) 29... Kf7 $10) 28... Rd1+ 29. Kf2 Rb1 30. Re2
Bxc3 $1 {sonst folgt Nc5!} 31. bxc3 Rxb3 {Hecht: T-T Motive: sT vor
a-Freibauer, passiver sK ===> klares Remis} 32. Rxe6 Rxc3 $15 33. Re7 (33. Rb6
$6 Rc7 $17 {/\Kf7}) 33... Rb3 34. g4 Kh7 35. h4 Kg6 36. Rd7 Rb5 37. Kf3 Kf6 38.
h5 Rb3+ 39. Kf4 Rb4+ 40. Kf3 Rb5 41. Kf4 Rxa5 42. Rxb7 Ra1 (42... Rb5 {Hecht}
43. Ra7 Rb6 (43... a5 44. Ra6+ $10) 44. Ke4 g6 45. Rh7 $10) 43. Rb6+ Kf7 44.
Rb7+ Kg8 45. Rb8+ Kf7 46. Kg3 a5 47. Ra8 a4 48. Kf3 g5 49. hxg6+ Kxg6 50. Ra6+
Kg7 51. Kg2 a3 52. Kh2 Ra2+ 1/2-1/2

[Event "Platonov Memorial"]
[Site "Kiev"]
[Date "1995.??.??"]
[Round "3"]
[White "Kruppa, Yuri"]
[Black "Boric, Muhamed"]
[Result "1/2-1/2"]
[WhiteElo "2570"]
[BlackElo "2435"]
[Annotator "Donev,I"]
[PlyCount "70"]
[EventDate "1995.??.??"]
[EventType "tourn"]
[EventRounds "13"]
[EventCountry "UKR"]
[EventCategory "10"]
[SourceTitle "CBM 051"]
[Source "ChessBase"]
[SourceDate "1996.04.01"]
[SourceVersion "1"]
[SourceVersionDate "1996.04.01"]
[SourceQuality "1"]

1. e4 c5 2. Nf3 d6 3. d4 cxd4 4. Nxd4 Nf6 5. Nc3 a6 6. Be2 e5 7. Nb3 Be7 8. Be3
O-O 9. O-O Be6 10. Qd2 Nbd7 11. a4 Nb6 12. a5 Nc4 13. Bxc4 Bxc4 14. Rfd1 h6 15.
Nc1 $1 {[%csl Gd5][%cal Yc1d3,Yd3b4,Yb4d5,Yc1a2,Ya2b4] Es ist logisch, daß
Weiß versucht, die schlechstehende weiße Leichtfigur Nb3 auf das starke Feld
d5 zu bringen mittels Nb3-c1-d3-b4-d5 oder Nb3-a2-b4-d5. Die berühmteste
Musterpartie zu diesem Thema ist Karpov, A-Nunn,J Amsterdam1985!} Rc8 16. Bb6
Qe8 17. Nd3 Be6 (17... Nd7 18. Ba7 f5 19. Nb4 $14) 18. f3 Nd7 19. Be3 f5 20.
exf5 {Nach diesem Abtausch muß Weiß versuchen die schwarzen Bauern Pd6 und Pe5
mit seinem Springer zu blockieren. Falls Schwarz d6-d5 erreichen kann, bekommt
der Nachziehende eine sehr gute Stellung.} (20. Nb4 $1 Nf6 21. Nbd5 $16 {
Der Anziehende hat die Hauptidee, seinen Springer auf den Vorposten d5 zu
bringen, erreicht.}) 20... Rxf5 21. Nb4 {Vermeidet d6-d5.} Qg6 22. Nbd5 $14 Bf8
23. Qd3 Kh7 (23... Qf7 24. Rd2 $14 (24. Ne4 Bxd5 25. Qxd5 Qxd5 26. Rxd5 Rxc2
27. Nxd6 Nf6 $1 $15)) 24. Rac1 Nc5 25. Bxc5 {Nach diesem Abtausch ist das
weiße Springerpaar besser als das schwarze Läuferpaar, da es die starken
Zentralfelder beherrscht.} (25. Qe2 e4 $5) 25... dxc5 {Dazu kommt auch noch
der schwache isolierte Bauer e5.} 26. Ne4 $1 $16 c4 27. Qc3 (27. Qe3 $10) 27...
Kh8 (27... Rc5 28. Nb6 $16 (28. Nxc5 Bxc5+ 29. Kh1 Bd4 30. Qxc4 Qf7 31. Qd3 (
31. Rxd4 exd4 32. Qd3 Bxd5 $17) 31... Bxd5 32. c3 Bc4 33. Qe4 Bd5 34. Qd3 $10))
28. Kh1 (28. Nb6 Rc7 $14) 28... Qf7 29. Nb6 Re8 30. Re1 (30. Rd2 $16) 30... Rf4
31. Rcd1 (31. Qxe5 Bb4 32. Nd6 Bxd6 33. Qxd6 Rf6 $16) 31... Rh4 32. Qxe5 Rh5
33. Qc3 Qc7 34. g3 Qc6 35. Rd4 (35. Nd2 Bd6 36. Re2 $14) 35... Rb5 1/2-1/2

[Event "Buenos Aires Najdorf"]
[Site "Buenos Aires"]
[Date "1995.??.??"]
[Round "8"]
[White "Spangenberg, Hugo"]
[Black "Panno, Oscar"]
[Result "1-0"]
[WhiteElo "2490"]
[BlackElo "2510"]
[Annotator "Donev,I"]
[PlyCount "85"]
[EventDate "1995.07.??"]
[EventType "tourn"]
[EventRounds "11"]
[EventCountry "ARG"]
[EventCategory "11"]
[SourceTitle "CBM 049"]
[Source "ChessBase"]
[SourceDate "1995.12.01"]
[SourceVersion "1"]
[SourceVersionDate "1995.12.01"]
[SourceQuality "1"]

1. e4 c5 2. Nf3 d6 3. d4 cxd4 4. Nxd4 Nf6 5. Nc3 a6 6. Be3 e5 7. Nb3 Be6 8. Be2
Be7 9. O-O O-O 10. Qd2 Nbd7 11. a4 Rc8 12. a5 h6 13. Ra4 Qc7 14. Rd1 Rfd8 15.
Qe1 Qc6 16. h3 Nc5 (16... Re8 17. Bf3 (17. Rb4 Bd8 18. Ra1 Re7 19. Bf3 Nc5 20.
Nxc5 dxc5 21. Rba4 $10) 17... Nc5 18. Rb4 Nxb3 19. Rb6 Qc7 20. cxb3 $10) 17.
Nxc5 (17. Bxc5 Bxb3 18. Bxd6 Bxa4 19. Bxe7 Rxd1 20. Bxd1 Nd7 21. Nxa4 Qxa4 $15)
17... dxc5 18. b3 Rxd1 19. Qxd1 Rd8 20. Qf1 Rd4 21. Ra1 (21. Bxd4 cxd4 (21...
exd4 22. e5 dxc3 23. exf6 Bxf6 24. Bf3 Qc7 $10) 22. Nd5 Nxd5 23. exd5 Bxd5 24.
Bd3 Bg5 $10) (21. Nd5 Nxd5 (21... Bxd5 22. exd5 Rxd5 23. Bf3 e4 24. Bxe4 Nxe4
25. Rxe4 Bf6 26. c4 $10) 22. Bxd4 exd4 $10) 21... Rd7 (21... Nxe4 22. Nxe4 (22.
Bxd4 Nd2 (22... exd4 23. Nxe4 Qxe4 24. Bd3 Qf4 25. Re1 Bd6 26. g3 Qf3 $14) 23.
Qe1 cxd4 24. Qxd2 Bg5 25. Qd3 Qxc3 $10) 22... Qxe4 (22... Rxe4 23. Bf3 c4 24.
Re1 Bb4 25. Bxe4 Qxe4 26. Bd2 $14) 23. Bxd4 cxd4 24. Bd3 Qf4 $10 25. Re1 $14)
22. Bd3 Nh5 23. Bc4 Nf4 24. Kh2 Bg5 25. Na4 Be7 26. Bxe6 Nxe6 (26... fxe6 27.
f3 (27. g3 Nh5 (27... Ng6 28. Qc4 Rc7 29. Rd1 Rc8 30. c3 Rc7 $16)) 27... Rc7 (
27... Rd8 28. Qc4 Rc8 29. Rd1 $16) 28. Rd1 Rc8 29. Qc4 Rc7 $16) 27. Nb6 Rd6 28.
Nd5 Bd8 29. Qc4 Kh7 30. Qc3 Nd4 31. Ra4 Qc8 (31... Qb5 32. Ra1 (32. Ra3 f5 33.
Bxd4 cxd4 34. Qf3 g6 35. c4 Qc5 $10) 32... Rd7 33. Ra4 f5 34. f3 $15) (31...
Rd7 32. Rc4 (32. Ra1 f5 33. f3 fxe4 34. fxe4 Qg6 35. Qxc5 Qxe4 $10) 32... Be7
33. Nxe7 Rxe7 34. Rxc5 Qxe4 35. b4 $10) 32. f4 Rc6 33. fxe5 Qe6 34. Bf4 Qg6 35.
Qd3 Ne6 36. Bg3 h5 37. Ra1 h4 38. Bf2 Qg5 39. Rf1 Qxe5+ 40. Kh1 Bc7 41. Bg1
Bxa5 42. Rf5 Qg3 43. Ne7 1-0

[Event "Alushta3"]
[Site "Alushta"]
[Date "1994.??.??"]
[Round "7"]
[White "Kruppa, Yuri"]
[Black "Zagrebelny, Sergey"]
[Result "0-1"]
[WhiteElo "2505"]
[BlackElo "2510"]
[Annotator "Donev,I"]
[PlyCount "121"]
[EventDate "1994.??.??"]
[EventType "tourn"]
[EventRounds "11"]
[EventCountry "UKR"]
[EventCategory "8"]
[SourceTitle "CBM 041"]
[Source "ChessBase"]
[SourceDate "1994.08.01"]
[SourceVersion "1"]
[SourceVersionDate "1994.08.01"]
[SourceQuality "1"]

1. e4 {Ernst} c5 2. Nf3 d6 3. d4 cxd4 4. Nxd4 Nf6 5. Nc3 a6 6. Be2 e5 7. Nb3
Be7 8. Be3 Be6 9. O-O Nbd7 10. a4 Rc8 11. a5 (11. f3 $5 Nb6 12. a5 Nc4 13. Bxc4
Bxc4 14. Rf2 O-O 15. Rd2 $14) (11. Qd2 {Ernst} Nb6 12. a5 Nc4 13. Bxc4 Rxc4 14.
Qd3 Qc8 15. Nd2 Rc6 16. Rfc1 O-O $10 {Geller-Dvoiris/Sochi/1983/}) 11... Rxc3
12. bxc3 Nxe4 13. Bf3 (13. Qd3 Bf5 14. Qc4 Ndf6 (14... O-O 15. f4 d5 16. Qxd5
Nxc3 17. Qc4 Nxe2+ 18. Qxe2 $14) 15. Qb4 Qc8 16. c4 d5 17. c5 d4 $1 $44) (13.
c4 Nc3 (13... Qc7 $5) 14. Qd2 Nxe2+ 15. Qxe2 Qc7 16. Nd2 $14 {/\Rfb1}) 13...
Ndf6 (13... Nxc3 14. Qd3 Qc8 15. Bxb7 (15. Nc5 dxc5 16. Qxc3 e4 $1 17. Bxe4 Bf6
18. Qd3 Bxa1 19. Rxa1 $17) 15... Qxb7 16. Qxc3 O-O $15 {/\Rc8}) 14. Bxe4 (14.
Qd3 {Ernst} d5 $13) 14... Nxe4 15. Qf3 f5 (15... d5 $6 16. c4 $1 dxc4 (16...
O-O 17. cxd5 $14) 17. Qxe4 cxb3 18. cxb3 $14) 16. Nd2 Nxd2 17. Bxd2 e4 18. Qh5+
g6 19. Qh6 $14 Bf6 20. Rfb1 Bd5 21. Rb6 Bc6 22. Rab1 Qd7 23. c4 Bg7 24. Qh3 O-O
25. Bf4 (25. Bh6 Bxh6 26. Qxh6 f4 27. R6b3 $13) (25. Bc3 Be5 $1 $15) 25... Qe6
26. Qb3 (26. Qg3 $6 Qxc4 27. Bxd6 Rd8 $15) 26... g5 $1 (26... Bd4 27. c5 (27.
Rxb7 Bxb7 28. Qxb7 Qxc4 29. Bh6 (29. Bxd6 Bxf2+ 30. Kxf2 Qd4+ 31. Ke2 Qxd6 $15)
29... Re8 $15) 27... Qxb3 28. R6xb3 dxc5 $15) (26... h6 {Ernst} 27. Rd1 $36)
27. Bxg5 f4 $1 28. c5 (28. g3 $2 {Ernst} f3 $17) 28... d5 $15 {/\Qg4} 29. Qh3 (
29. Re1 Qg4 30. Be7 f3 31. g3 Qh3 $19) (29. h3 $5) 29... Qxh3 30. gxh3 Bd4 31.
Be7 Rf7 32. Rxb7 (32. Bd6 {Ernst} f3 33. Kf1 Rg7 34. Bg3 Bxc5 $17) 32... e3 (
32... Bxb7 {Ernst} 33. Rxb7 e3 $17) 33. Kf1 (33. Rb8+ {Ernst} Kg7 34. Bh4 e2
35. Rc8 Bd7 36. Rc7 f3 37. c6 Bxh3 $19) 33... Bxb7 34. Rxb7 exf2 35. Rb8+ (35.
c6 {Ernst} Rg7 $19) 35... Kg7 36. Re8 Rf5 37. c6 Re5 38. Bf8+ $8 Kf7 39. Rxe5
Bxe5 40. Bb4 Ke8 41. Kxf2 Kd8 42. Kf3 Kc7 43. Bd2 Kxc6 44. Bxf4 Bc3 (44... Bxf4
45. Kxf4 Kb5 46. Ke5 Kc4 $10 (46... Kxa5 {Ernst} 47. Kxd5 Kb6 48. c4 Kc7 49.
Kc5 $10)) 45. Ke2 Bxa5 46. Kd3 Kc5 47. Bg5 d4 48. Be7+ Kd5 49. Ba3 Bc3 50. Bc1
a5 51. Ba3 a4 52. Bc1 h5 53. h4 Be1 54. Bb2 Bf2 55. c3 dxc3 56. Bxc3 Bxh4 57.
Bb2 Bg5 58. Ba3 Ke5 59. h3 Kd5 60. Bb2 Be7 61. Bc1 (61. Bc1 {Ernst} Ke5 $19)
0-1

[Event "Vienna op"]
[Site "Vienna"]
[Date "1990.??.??"]
[Round "6"]
[White "Ciolac, Gheorghe"]
[Black "Roeder, Mathias"]
[Result "0-1"]
[WhiteElo "2340"]
[BlackElo "2445"]
[Annotator "Dueckstein,A"]
[PlyCount "46"]
[EventDate "1990.10.??"]
[EventType "swiss"]
[EventRounds "9"]
[EventCountry "AUT"]
[SourceTitle "CBM 021"]
[Source "ChessBase"]
[SourceDate "1991.04.01"]
[SourceVersion "1"]
[SourceVersionDate "1991.04.01"]
[SourceQuality "1"]

1. e4 c5 2. Nf3 d6 3. d4 cxd4 4. Nxd4 Nf6 5. Nc3 a6 6. Be2 e5 7. Nb3 Be7 8. O-O
O-O 9. Be3 {Aggressiver ist 9.f4.} Be6 10. Qd2 Nbd7 11. a4 Rc8 12. a5 Qc7 13.
Rfd1 {In dieser Variante versucht Weiß die gegnerischen Aktivitäten am
Damenflügel einzudämmen und selbst am Königsflügel vorzugehen. Der Turm steht
auf d1 un- nütz, wichtiger war es, mit 13.Tfc1 den Springer mobil zu machen.} (
13. Rfc1 Qc6 14. Bf3 Bc4 15. Ra4 Rfe8 16. Rb4 Qc7 17. Ra4 Qc6 {mit Remisschluß.
}) 13... Nc5 14. Nxc5 {Wegen der gleichzeitigen Bedrohung von b3 und e4
unumgänglich und 14.Sd5 Scxe4 zur Folge hätte.} dxc5 15. f3 c4 {Engt den
Gegner ein; darüber hinaus stellt der Ba5 nun ständig ein Sorgen-  kind dar.}
16. Na4 Rfd8 17. Qc3 Rxd1+ 18. Rxd1 Nd7 19. Rxd7 $2 {Eine Fehlkombination in
etwas unbequemer Lage. Am besten war 19.Sb6.} Qxd7 {Weiß rechnete wohl mit 19..
..Lxd7 20.Sb6 nebst Lxc4 und aktivem Spiel für die Qualität.} 20. Nb6 Qb5 $1 {
Die Widerlegung.} 21. b3 {Nach 21.Sxc8 Lb4 kann Weiß Damenverlust nur durch
die aussichtslose Zugolge 22.Lxc4 Lxc4 23.Sd6 hintanhalten.} Bb4 22. bxc4 Qxa5
23. Qd3 Bc5 {und Weiß gab auf. Es könnte noch folgen: 24.Sxc8 De1+ 25.Lf1
Dxe3+ 26.Dxe3 Lxe3+ 27.Kh1 Lxc8. [IM Dr. A. Dueckstein]} 0-1

[Event "BCF-chT 1213 (4NCL)"]
[Site "England"]
[Date "2013.02.23"]
[Round "5"]
[White "Hunt, Harriet"]
[Black "Edouard, Romain"]
[Result "0-1"]
[WhiteElo "2450"]
[BlackElo "2680"]
[Annotator "Edouard,R"]
[PlyCount "168"]
[EventDate "2012.11.03"]
[EventType "team-tourn"]
[EventRounds "11"]
[EventCountry "ENG"]
[SourceTitle "CBM 153"]
[Source "ChessBase"]
[SourceDate "2013.03.14"]
[SourceVersion "1"]
[SourceVersionDate "2013.03.14"]
[SourceQuality "1"]
[WhiteTeam "Blackthorne Russia"]
[BlackTeam "Guildford"]
[WhiteTeamCountry "ENG"]
[BlackTeamCountry "ENG"]

1. e4 c5 2. Nf3 d6 3. d4 cxd4 4. Nxd4 Nf6 5. Nc3 a6 6. Be2 e5 7. Nb3 Be7 8. O-O
O-O 9. Kh1 b6 $5 (9... Nc6 $5 {is also a good move (Nepomniachtchi beat
Carlsen in 2011).}) (9... b5 10. a4 b4 11. Nd5 Nxd5 12. Qxd5 Ra7 13. Be3 Be6
14. Qd2) 10. Be3 (10. f4 $6 Bb7 11. Bf3 Nbd7 {is excellent for Black.}) 10...
Bb7 11. f3 b5 12. a4 b4 13. Nd5 Nxd5 14. exd5 Nd7 15. c4 bxc3 16. bxc3 Bg5 17.
Bf2 Qc7 18. c4 Rab8 $1 19. a5 (19. Bd3 Ba8 {was OK for Black in
Jakovenko-Khismatullin 2012.}) 19... Ba8 {All this is the main line until now,
more or less.} 20. Rb1 (20. c5 $6 dxc5 21. Bxa6 c4 22. Nd2 c3 23. Nc4 Rfd8 {
is better for Black.}) (20. Ra4 Qb7 21. Nc1 f5 $5 $146 {looks good for Black.}
(21... Nc5 22. Ra1 Qd7 23. Ra2 Rfc8 24. Nd3 Nb3 25. f4 $1 {looked better for
White in Nijboer,F (2638)-Vachier Lagrave,M (2573)/Wijk aan Zee NED 2007 (32)})
(21... Rfc8 $5 $146)) 20... Rb4 21. Be1 Rb7 (21... Rxc4 {looks natural but
after} 22. Bxc4 Qxc4 23. Nd2 (23. Bd2 Be7 $15) 23... Qd3 $8 24. Qb3 Qxb3 25.
Nxb3 Bxd5 26. Bd2 Be7 27. Rfd1 {I considered the position to be very drawish,
and, in spite of some small plus, not so easy to play for Black.}) 22. Bc3 {
The only way to try to "punish" ...Rb7, but the bishop is not so well placed
here.} Rfb8 23. Qc2 Be3 24. Bd3 g6 25. Rfe1 Ba7 26. Bd2 (26. f4 $2 exf4 27. Re7
Qd8 $19) 26... f5 27. g4 $6 {A tempting reaction which in fact increases
Black's advantage.} fxg4 28. Bxg6 (28. fxg4 Nf6 29. h3 Qc8 {with the idea of ..
.Rc7 is much better for Black.}) 28... Nf6 $1 (28... gxf3 $4 29. Bxh7+ Kh8 30.
Bg5 $1 {wins for White.}) 29. Qf5 $2 (29. Be4 Qg7 {is much better for Black.})
29... hxg6 $2 (29... Qg7 {wins instantly.}) 30. Qxf6 Qf7 (30... Rxb3 $4 31.
Rxb3 Rxb3 32. Qxg6+) 31. Qxf7+ Kxf7 32. Be3 $8 Rxb3 $6 (32... Bxe3 {is easier:}
33. Rxe3 Rb4 (33... Rc7 $5 34. Rc1 Rbc8 {was my first idea but after} 35. Nd2
Bxd5 36. Rd3 {I considered wrongly that White has few practical chances:} Bxc4
37. Rxd6 Bb5 38. Rxc7+ Rxc7 39. fxg4 Ke7 $19) 34. Rc3 Ke7 $1 $19 {(I missed
this last move.)}) 33. Rxb3 Rxb3 34. Bxa7 gxf3 35. Kg1 Kf6 $4 {Played too fast
after I noticed 45...Rc3 does not win by force.} (35... Rb4 36. Rc1 Kf6 {
still wins easily.}) (35... Rc3 36. c5 Bxd5 37. cxd6 Ke6 38. d7 (38. Bd4 $2 Rc2
$19) 38... Kxd7 39. Rxe5 {should be lost but gives White practical chances.})
36. Re3 {Now the position is drawish.} Rb1+ 37. Kf2 Rb2+ 38. Kxf3 (38. Kf1 $5
Rc2 39. Rxf3+ Kg7 40. Bb8) 38... Rc2 39. Bb8 Ke7 (39... Rxc4 40. Bxd6 Bxd5+ 41.
Kf2 {should be a draw.}) 40. Re4 Rxh2 41. Rg4 Rh8 42. Ba7 $6 (42. Bc7 $1 {
would be a better move, but my opponent might have missed that} Rc8 $6 43. Rxg6
$1 {is a draw:} Rxc7 44. Rg7+ Kd8 45. Rg8+ $11) 42... Kf6 43. Be3 Rh5 44. Ke4
$2 (44. Rg1 Kf5 45. Rb1 Rh3+ 46. Ke2 Ke4 47. Bf2 Ra3 48. Be1 $1 {is a draw.} ({
I only saw} 48. Rb8 Ra2+ 49. Ke1 Bxd5 50. cxd5 Rxa5 {and though I still had
chances.})) 44... Bb7 45. Bb6 $2 (45. Bf2 {would be a better move.}) 45... Rh8
$2 (45... Rh3 {wins instantly:} 46. Bd8+ Kg7 47. Be7 Rc3 $1 $19) 46. Be3 Rh3 $1
47. Kd3 $8 (47. Bg5+ Kg7 {is back into 45...Rh3 line. The funny thing is that
after 45...Rh3 46.Bd8+ I only considered 46...Kf7 (which would let White go 47.
Kh4) but saw 46.Be3 Rh3 in advance!}) 47... Bc8 48. Rg2 Bf5+ 49. Kd2 (49. Ke2
$5) 49... Rh1 (49... Be4 50. Rf2+ Bf3 {would have been a better try, to try to
advance with the king.}) 50. Kc3 Rh3 51. Kd2 Kf7 52. Rf2 Rh1 53. Kc3 Ra1 54.
Kb4 (54. Rb2 $1 Rxa5 55. Rb7+ Ke8 (55... Kf6 $4 56. Bb6 $18 {was what I missed,
to be honest!}) 56. Bg5 {with a draw.}) 54... Re1 55. Bd2 Rh1 56. Be3 Rh3 57.
Bb6 Ke7 58. Rd2 e4 $6 (58... g5 $1 59. c5 Rh4+ 60. Kc3 Rh1 {is a better try.} (
60... g4 $6 61. Bc7 {should be a draw.})) 59. c5 Rd3 $5 {I saw that this move
was a draw but I thought it was my only practical chance to win the game. For
the very first time after the last 30 moves: I thought something right!} 60.
Rxd3 exd3 61. Kc3 g5 62. c6 $4 {White should just have... waited!} (62. Kd2 g4
63. Kc3 {(the g-pawn can simply not advance more!)} dxc5 (63... Kd7 64. Ba7 {
does not help Black:} g3 $2 65. cxd6 g2 66. Bc5 $11) (63... g3 64. Bc7 $11) 64.
Bxc5+ Kd7 (64... Kf6 65. Bd6 $11) 65. Kd2 g3 66. Kc3 g2 67. Kd2 {and Black
cannot force White to go d6 (...Kf6 will be met by Bd4+) so the position is a
draw, e.g.} Be4 68. Kc3 Ke8 69. Kd2 Kf7 70. Kc3 Kf6 71. Bd4+ Kf5 72. Kd2 Kg4
73. d6 Bf5 74. d7 Bxd7 75. Kxd3 Kf3 76. Kc3 Ke2 77. Kb2 Kf1 78. Ka1 $11) 62...
g4 63. Bf2 Kd8 $8 (63... Be4 $2 64. Bh4+ Ke8 65. Bg3 $11) 64. Bg3 Kc7 65. Bf2
Be4 66. Bb6+ Kc8 67. Bf2 (67. c7 {is natural but after} g3 68. Kd2 g2 69. Kc3
Kd7 70. Kd2 Bf5 71. Kc3 Ke7 72. c8=Q ({Waiting does not help:} 72. Bg1 Kf6 73.
Bh2 Kg5 74. Kd2 Kg4 75. Ke3 Kh3 76. Bg1 Kg3 77. Kd2 Kf4 $19) 72... Bxc8 73.
Kxd3 Bf5+ (73... Bb7 $5) 74. Kc4 (74. Ke2 Be4 $19) 74... Kf6 $19) 67... Bxd5
68. Kxd3 Kc7 69. Kd4 Kxc6 70. Bg3 Bf7 (70... Bf3 {is much more natural.}) 71.
Bf4 d5 72. Bg3 Kb5 $6 ({It is time to go, finally, to e4 or f3.} 72... Bg6) 73.
Be1 Bg8 $2 {This was my idea when I played 70...Kf7 but after I played I
immediately noticed 74.Ke5.} 74. Kd3 $2 (74. Ke5 {Black no longer has a way to
keep the g-pawn! I would have to go} Kc4 75. Kf5 Kd3 76. Kxg4 Ke2 77. Bc3 Ke3
78. Kf5 d4 79. Bb4 d3 80. Ke5 d2 81. Bxd2+ Kxd2 82. Kd4 {which is a draw if
White defends well.}) 74... Bh7+ 75. Ke3 Bc2 76. Kf4 (76. Kd4 Be4 $22 $19 {
and White cannot just wait!}) 76... Bd1 77. Ke5 Kc4 78. Bf2 Be2 79. Bg1 g3 80.
Bd4 g2 81. Bg1 Bf3 82. Kf4 Be4 83. Ke5 Kc3 $22 {White has no square for his
bishop!} (83... Kd3 84. Kf4 Ke2 85. Kg3 Kf1 86. Kh2 {would not help Black.})
84. Kf4 d4 0-1

[Event "Olympiad-34"]
[Site "Istanbul"]
[Date "2000.11.07"]
[Round "10.4"]
[White "Barua, Dibyendu"]
[Black "Jobava, Baadur"]
[Result "1-0"]
[WhiteElo "2502"]
[BlackElo "2480"]
[Annotator "Ernst,T"]
[PlyCount "105"]
[EventDate "2000.10.28"]
[EventType "team-swiss"]
[EventRounds "14"]
[EventCountry "TUR"]
[SourceTitle "EXT 2001"]
[Source "ChessBase"]
[SourceDate "2000.11.22"]
[SourceVersion "1"]
[SourceVersionDate "2000.11.22"]
[SourceQuality "1"]
[WhiteTeam "India"]
[BlackTeam "Georgia"]
[WhiteTeamCountry "IND"]
[BlackTeamCountry "GEO"]

1. e4 c5 2. Nf3 d6 3. d4 cxd4 4. Nxd4 Nf6 5. Nc3 a6 6. Be2 e5 7. Nb3 Be7 8. O-O
O-O 9. Kh1 Qc7 10. a4 Be6 11. f4 Nbd7 12. a5 Rfd8 13. Be3 Rac8 14. f5 Bc4 15.
Ra4 Bb5 16. Ra1 Qc6 17. Bd3 Bxd3 18. Qxd3 Nc5 19. Nxc5 dxc5 20. Qc4 $14 h6 21.
Rfe1 Rd7 22. Rad1 Rcd8 23. Rxd7 Rxd7 24. h3 Nh5 25. Kg1 Nf6 26. Kf2 Bd8 27. Ra1
Rd4 $6 28. Bxd4 exd4 29. Qd3 Bc7 30. Nd5 Nxd5 31. exd5 Qxd5 32. b3 Qe5 33. Re1
Qf6 34. Re8+ Kh7 35. Qe4 Bxa5 36. Ke2 Bb4 $2 (36... b5 37. g4 h5 38. Qa8 g6 39.
fxg6+ $16) 37. Qxb7 $18 Qxf5 38. Qe4 Qxe4+ 39. Rxe4 a5 40. Kd3 f5 41. Re6 Kg8
42. Rc6 Kf7 43. Kc4 h5 44. Kd5 g6 45. Ke5 Kg7 46. Ke6 h4 47. Rc7+ Kh6 48. Kf6
Ba3 49. Rg7 c4 50. bxc4 g5 51. Rg6+ Kh7 52. Kxf5 a4 53. Ra6 1-0

[Event "Alushta3"]
[Site "Alushta"]
[Date "1994.??.??"]
[Round "11"]
[White "Kruppa, Yuri"]
[Black "Savon, Vladimir A"]
[Result "1/2-1/2"]
[WhiteElo "2505"]
[BlackElo "2435"]
[Annotator "Ernst,T"]
[PlyCount "84"]
[EventDate "1994.??.??"]
[EventType "tourn"]
[EventRounds "11"]
[EventCountry "UKR"]
[EventCategory "8"]
[SourceTitle "CBM 041"]
[Source "ChessBase"]
[SourceDate "1994.08.01"]
[SourceVersion "1"]
[SourceVersionDate "1994.08.01"]
[SourceQuality "1"]

1. e4 c5 2. Nf3 d6 3. d4 cxd4 4. Nxd4 Nf6 5. Nc3 a6 6. Be2 e5 7. Nb3 Be7 8. O-O
O-O 9. Be3 Be6 10. Qd2 Nbd7 11. a4 Rc8 12. a5 h6 13. f3 (13. Rfd1 Re8 14. Bf3
Qc7 15. Nc1 Bf8 16. h3 b5 $1 $15 {Marjanovic-Fedorowicz/43-318/1986-87/}) 13...
Qc7 14. Rac1 Rfe8 15. Nd5 Bxd5 16. exd5 e4 17. f4 Nc5 18. Nxc5 dxc5 19. c4 Bd6
20. Kh1 Qd7 $10 21. Qd1 Rb8 22. g4 $5 Nh7 23. Qd2 Qd8 24. g5 hxg5 25. fxg5 Nf8
26. Bh5 g6 27. Qf2 Re7 28. Be2 Qxa5 29. Rc3 $44 Qc7 30. Qh4 Be5 31. Rf6 $1 Bxc3
$1 32. d6 Qb6 33. dxe7 Bxf6 34. exf8=Q+ Rxf8 35. gxf6 Qxb2 36. Bg4 Rd8 $132 37.
Qg5 Rd3 38. Be6 $1 (38. Qxc5 Qxf6 $17) 38... Rd1+ 39. Bg1 Rxg1+ $1 40. Kxg1
Qb1+ 41. Kg2 Qc2+ 42. Kg3 Qc3+ (42... Qc3+ 43. Kh4 Qe1+ 44. Kh3 Qf1+ $10)
1/2-1/2